00969cam a2200289 a 4500020001500000020001800015020001500033020001800048020001500066020001800081020001500099020001800114020001800132020001500150040000800165082002600173100002200199245002300221250001200244260004300256300002300299520026100322650002200583650002600605650002200631650002600653 a0439120411 a9780439120418 a0439576172 a9780439576178 a043912042X a9780439120425 a0439771250 a9780439771252 a9780439270038 a0439270030 cDLC04a813 SCH 2000 A094 Or.1 aRyan, Pam Muñoz10aEsperanza rising / a1st ed. aNew York :bScholastic Press,c©2000. a262 pages ;c22 cm aEsperanza and her mother are forced to leave their life of wealth and privilege in Mexico to go work in the labor camps of Southern California, where they must adapt to the harsh circumstances facing Mexican farm workers on the eve of the Great Depression. 0aMexican Americans 0aAgricultural laborers 1aMexican Americans 1aAgricultural laborers